000 00570nam a2200229Ia 4500
001 16383
003 GE_BSU
008 181216s||||||||xx |||||||||||||| ||und||
020 _a9782011555120
040 _cGE_BSU
100 _aDollez,Catherine,Sylvie Pons
245 _aAlter Ego. Methode de Frangais. 3 B1
260 _aParis
260 _bHachette
260 _c2006
300 _a192p;ill;29cm+CD
541 _h82Gel
653 _aAlter Ego. Methode de Frangais
653 _aგრამატიკა
653 _aფრანგული
942 _cBK
999 _c49459
_d49459